| 000 | 00956nam a2200277 i 4500 | ||
|---|---|---|---|
| 001 | bg | ||
| 245 | 0 |
_aPolityka gospodarcza okresu transformacji : _bpraca zbiorowa / _cpod red. nauk. Marka Dąbrowskiego. |
|
| 260 |
_aWarszawa : _bWydaw. Naukowe PWN : _bCentrum Analiz Społeczno-Gospodarczych, _c1995. |
||
| 300 |
_a388, [2] s. : _bwykr. ; _c21 cm. |
||
| 490 | 1 | _aW Stronę Rynku | |
| 500 | _aNa okł. nazwa aut. Marek Dąbrowski. | ||
| 504 | _aBibliogr. przy rozdz. | ||
| 650 | 9 |
_aGospodarka _xpolityka _zPolska _yod 1989 r. |
|
| 650 | 9 |
_aTransformacja systemu społeczno-gospodarczego _zPolska _yod 1989 r. |
|
| 700 | 1 |
_aDĄBROWSKI, Marek. _eRed. |
|
| 830 | _aW Stronę Rynku | ||
| 020 | _a838629616X (CASE) | ||
| 020 | _a8301118229 (PWN) | ||
| 040 | _cBPK | ||
| 041 | 0 | _apl | |
| 080 | _a338.2(438)"1989/..." | ||
| 920 | _a83-86296-16-X (CASE) | ||
| 920 | _a83-01-11-822-9 (PWN) | ||
| 942 | _cKS | ||
| 008 | s pl f |000 0 pol | ||
| 999 |
_c30964 _d30964 |
||
| 856 |
_uhttp://koha.tu.koszalin.pl/cgi-bin/koha/opac-detail.pl?biblionumber=30964 _yKatalog online BPK |
||